Proposal to amend the Asbestos (Prohibition) Regulations 1992 (Record no. 71830)
[ view plain ]
| 000 -LEADER | |
|---|---|
| fixed length control field | 01095cam a2200205 4500 |
| 001 - CONTROL NUMBER | |
| control field | WB3901-14 |
| 008 - FIXED-LENGTH DATA ELEMENTS--GENERAL INFORMATION | |
| fixed length control field | 021220n2002 000 0 eng u |
| 035 ## - SYSTEM CONTROL NUMBER | |
| System control number | (Sirsi) u120854 |
| 245 ## - TITLE STATEMENT | |
| Title | Proposal to amend the Asbestos (Prohibition) Regulations 1992 |
| 260 ## - PUBLICATION, DISTRIBUTION, ETC. | |
| Date of publication, distribution, etc. | 2002 |
| 490 ## - SERIES STATEMENT | |
| Series statement | RICS Building Surveying Faculty News |
| Volume/sequential designation | 16 December 2002 (1) |
| 520 ## - SUMMARY, ETC. | |
| Summary, etc. | This document sets out the Health and Safety Commission's (HSCOs) proposals to amend the Asbestos (Prohibition) Regulations 1992 (as amended in 1999). Consultation ends 28 February 2003. For RICS Building surveying faculty news story and where to send comments to http://www.rics.org/ricscms/bin/show?class=News&template=/includes/shownews.html&id=4466&faculty=Building Surveying&faculty=All Faculties To download the consultative document http://www.hse.gov.uk/condocs/cd186.htm |
| 590 ## - LOCAL NOTE (RLIN) | |
| Local note | WB |
| 650 ## - SUBJECT ADDED ENTRY--TOPICAL TERM | |
| Topical term or geographic name entry element | MANAGEMENT-HEALTH AND SAFETY-HAZARDOUS SUBSTANCES-ASBESTOS |
| 650 ## - SUBJECT ADDED ENTRY--TOPICAL TERM | |
| Topical term or geographic name entry element | ASBESTOS (PROHIBITIONS) REGULATIONS 1992 |
| 650 ## - SUBJECT ADDED ENTRY--TOPICAL TERM | |
| Topical term or geographic name entry element | CONSULTATION |
| 650 ## - SUBJECT ADDED ENTRY--TOPICAL TERM | |
| Topical term or geographic name entry element | IMPORTS |
| 690 ## - LOCAL SUBJECT ADDED ENTRY--TOPICAL TERM (OCLC, RLIN) | |
| Topical term or geographic name as entry element | HEALTH AND SAFETY |
| 9 (RLIN) | 6244 |
| 942 ## - ADDED ENTRY ELEMENTS (KOHA) | |
| Suppress in OPAC | 0 |
| Withdrawn status | Lost status | Source of classification or shelving scheme | Damaged status | Not for loan | Home library | Current library | Shelving location | Date acquired | Total Checkouts | Full call number | Barcode | Date last seen | Copy number | Price effective from | Koha item type |
|---|---|---|---|---|---|---|---|---|---|---|---|---|---|---|---|
| Dewey Decimal Classification | London | London | News article | 20/12/2002 | WB3901-14 | 120854-1001 | 06/08/2019 | 1 | 06/08/2019 | Journal article |